000 01073cam a2200241 4500
008 021105n2002 000 0 eng u
020 _a1842191160
035 _a(Sirsi) u126171
050 _a333.33
_c18
110 _aRoyal Institution of Chartered Surveyors
_bPolicy Unit
_94169
245 _aLand value and public transport : stage 1 report October 2002
260 _aLondon
_bRICS
_c2002
300 _a34p.
_c30cm
520 _aA new report, commissioned by the Office of Deputy Prime Minister, which examines the impact of the development of new transport infrastructure on land values. The findings could pave the way for a levy on land value increases, caused by public transport development.
650 _aTRANSPORT POLICY
650 _aLand use
_96251
650 _aPUBLIC TRANSPORT
650 _aLAND VALUES
690 _aPROPERTY-PROPERTY DEVELOPMENT
710 _aRoyal Institution of Chartered Surveyors
_94900
856 _uhttps://www.rics.org/site/scripts/download_info.aspx?downloadID=2119
_zView the report on the RICS website...
942 _n0
999 _c103577
_d103577